[Event "Clichy Rapid op"]
[Site "Clichy"]
[Date "2023.07.09"]
[Round "2"]
[White "Van Wely, Loek"]
[Black "Lecocq, Gabriel"]
[Result "1-0"]
[WhiteElo "2644"]
[BlackElo "1558"]
[PlyCount "55"]
[EventDate "2023.07.09"]
[EventType "swiss (rapid)"]
[EventRounds "9"]
[EventCountry "FRA"]
[SourceTitle "CBM 215 Extra"]
[Source "ChessBase"]
[SourceDate "2023.09.30"]
[SourceVersion "1"]
[SourceVersionDate "2023.09.30"]
[SourceQuality "1"]

1. d4 Nf6 2. c4 e6 3. Nf3 Bb4+ 4. Nbd2 b6 5. a3 Bxd2+ 6. Qxd2 Bb7 7. e3 0-0 8. Be2 Nc6 9. b4 Ne4 10. Qc2 Ne7 11. Bb2 f5 12. 0-0 Qe8 13. Ne5 d6 14. Nd3 Qg6 15. Nf4 Qf7 16. f3 Nf6 17. Rad1 Ng6 18. Nh3 Rfd8 19. d5 exd5 20. cxd5 Bxd5 21. Rxd5 Nxd5 22. Bc4 Kh8 23. Qd2 c6 24. e4 fxe4 25. fxe4 Qe7 26. exd5 cxd5 27. Bxd5 Rac8 28. Rf7 1-0